• 首页
  • 本馆介绍
  • 公告通知
  • 最新文献
  • 馆藏检索
  • 电子资源
  • 读者荐购
  • 参考咨询
  • CALIS
  • 我的图书馆
  • 登录
  • 详细信息显示
  • 放入我的书架
  • 预约/预借图书
  • 作者相关作品
  • 分类相关作品
  • 丛书相关作品
  • 出版社相关作品

书目信息

  • 表格格式
  • 工作单格式
  • 卡片格式
题名:
甜蜜的, 致命的
    
 
作者: 尤德金 著 ;睿莹 , 水白羊 译
分册:  
出版信息: 桂林   广西师范大学出版社  2021.12
页数: xvii, 249页
开本: 20cm
丛书名: 性别与身体
单 册:
中图分类: TS245-49
科图分类:
主题词: 食糖--shi tang--普及读物
电子资源:
ISBN: 978-7-5598-4248-0
 
 
 
 
 
000 01741nam 2200313 450
001 96116
005 20250911161012.52
010    @a978-7-5598-4248-0@dCNY49.00
100    @a20220125d2021 em y0chiy50 ea
101 1  @achi@ceng
102    @aCN@b450000
105    @ay z 000yy
106    @ar
200 1  @a甜蜜的, 致命的@Atian mi de , zhi ming de@e糖如何毁掉我们, 以及我们如何摆脱它@f(英) 约翰·尤德金著@d= Pure, white and deadly@ehow sugar is killing us and what we can do to stop it@fJohn Yudkin@g睿莹, 水白羊译@zeng
210    @a桂林@c广西师范大学出版社@d2021.12
215    @axvii, 249页@d20cm
225 2  @a性别与身体@Axing bie yu shen ti
314    @a约翰·尤德金, 英国生理学家、营养学家。剑桥大学生物化学博士, 先后在剑桥大学、伊丽莎白女王学院任教, 并长期致力于研究糖摄入量与龋齿、糖尿病、冠状动脉性心脏病等疾病之间的关系, 是糖研究领域的先驱之一。睿莹, 八零后。自由译者, 农业、食品与生命科学领域从业者。水白羊, 八零后。为提高运动水平, 自修人类营养学和运动生理学的地球系统科学博士, 现供职于果壳, 从事科普服务工作。
330    @a本书共21章: 糖有什么特别的? 我吃糖, 是因为我喜欢糖、糖和其他碳水化合物、糖从哪里来? 红糖比白糖好吗? 精制与精制、不是只有糖甜甜的、谁在吃糖? 吃了多少? 你认为是什么, 就是什么等内容。
410  0 @12001 @a性别与身体
500 10 @aPure, white and deadly : how sugar is killing us and what we can do to stop it@mChinese
517 1  @a糖如何毁掉我们, 以及我们如何摆脱它@Atang ru he hui diao wo men , yi ji wo men ru he bai tuo ta
606 0  @a食糖@Ashi tang@j普及读物
690    @aTS245-49@v5
701  1 @a尤德金@Ayou de jin@g(Yudkin, John)@4著
702  0 @a睿莹@Arui ying@4译
702  0 @a水白羊@Ashui bai yang@4译
801  0 @aCN@c20250909
905    @a河南城建学院图书馆@dTS245-49@eY663@f1
    
    甜蜜的, 致命的:糖如何毁掉我们, 以及我们如何摆脱它/(英) 约翰·尤德金著= Pure, white and deadly:how sugar is killing us and what we can do to stop it/John Yudkin/睿莹, 水白羊译.-桂林:广西师范大学出版社,2021.12
    xvii, 249页;20cm.-(性别与身体)
    
    
    ISBN 978-7-5598-4248-0:CNY49.00
    本书共21章: 糖有什么特别的? 我吃糖, 是因为我喜欢糖、糖和其他碳水化合物、糖从哪里来? 红糖比白糖好吗? 精制与精制、不是只有糖甜甜的、谁在吃糖? 吃了多少? 你认为是什么, 就是什么等内容。
●
相关链接 在E读中查询图书 在当当中查询图书 在豆瓣中查询图书


正题名:甜蜜的, 致命的     索取号:TS245-49/Y663         预约/预借

序号 登录号 条形码 馆藏地/架位号 状态 备注
1 1630266   216302668   自科库501/501自科库 42排1列1层/ [索取号:TS245-49/Y663] 在馆    
河南城建学院图书馆 欢迎您!
大连网信软件有限公司© 版权所有